Диагностика сигналов: сравнение использования обеих компонент преобразования Фурье и спектральной плотности мощности; Техническая диагностика и неразрушающий контроль; № 2

Λεπτομέρειες βιβλιογραφικής εγγραφής
Parent link:Техническая диагностика и неразрушающий контроль: научно-технический и производственный журнал/ Национальная академия наук Украины (НАНУ), Институт электросварки им. Е. О. Патона (ИЭС) ; Международная ассоциация "Сварка".— , 1990-1993, 2001-.— 0235-3474
№ 2.— 2002.— С. 3-5
Κύριος συγγραφέας: Гельман Л. М.
Γλώσσα:Ρωσικά
Έκδοση: 2002
Σειρά:Техническая диагностика
Θέματα:
Μορφή: MixedMaterials Κεφάλαιο βιβλίου
KOHA link:https://koha.lib.tpu.ru/cgi-bin/koha/opac-detail.pl?biblionumber=383243

MARC

LEADER 00000naa2a2200000 4500
001 383243
005 20231101063108.0
035 |a (RuTPU)RU\TPU\prd\8688 
090 |a 383243 
100 |a 20021126a2002 k y0rusy50 ca 
101 0 |a rus 
102 |a UN 
200 1 |a Диагностика сигналов: сравнение использования обеих компонент преобразования Фурье и спектральной плотности мощности  |f Л. М. Гельман 
225 1 |a Техническая диагностика 
320 |a Библиогр.: 8 назв. 
461 1 |0 (RuTPU)RU\TPU\prd\1736  |x 0235-3474  |t Техническая диагностика и неразрушающий контроль  |o научно-технический и производственный журнал  |f Национальная академия наук Украины (НАНУ), Институт электросварки им. Е. О. Патона (ИЭС) ; Международная ассоциация "Сварка"  |d 1990-1993, 2001- 
463 1 |0 (RuTPU)RU\TPU\prd\6073  |t № 2  |v С. 3-5  |d 2002 
610 1 |a гауссовские сигналы 
610 1 |a преобразования Фурье 
610 1 |a диагностика сигналов 
610 1 |a диагностические признаки 
610 1 |a техническая диагностика 
610 1 |a распознавание образов 
675 |a 543.08  |v 3 
675 |a 620.19  |v 3 
700 1 |a Гельман  |b Л. М. 
801 1 |a RU  |b 63413507  |c 20021126  |g PSBO 
801 2 |a RU  |b 63413507  |c 20140128  |g PSBO 
942 |c BK